Internet of Things (Record no. 12659)

MARC details
000 -LEADER
fixed length control field 00437nam a2200181 4500
003 - CONTROL NUMBER IDENTIFIER
control field OSt
008 - FIXED-LENGTH DATA ELEMENTS--GENERAL INFORMATION
fixed length control field 240507b |||||||| |||| 00| 0 eng d
020 ## - INTERNATIONAL STANDARD BOOK NUMBER
International Standard Book Number 9789388991018
082 ## - DEWEY DECIMAL CLASSIFICATION NUMBER
Classification number 004.678
100 ## - MAIN ENTRY--PERSONAL NAME
Personal name VASUDEVAN, Shriram K
245 ## - TITLE STATEMENT
Title Internet of Things
250 ## - EDITION STATEMENT
Edition statement 2nd
260 ## - PUBLICATION, DISTRIBUTION, ETC. (IMPRINT)
Place of publication, distribution, etc New Delhi
Name of publisher, distributor, etc Wiley India
Date of publication, distribution, etc 2024
300 ## - PHYSICAL DESCRIPTION
Extent 308
650 ## - SUBJECT ADDED ENTRY--TOPICAL TERM
Topical term or geographic name as entry element B.Tech(IT)
700 ## - ADDED ENTRY--PERSONAL NAME
Personal name Abhishek S Nagarajan, RMD Sundaram
942 ## - ADDED ENTRY ELEMENTS (KOHA)
Source of classification or shelving scheme Dewey Decimal Classification
Koha item type Text Books
Holdings
Withdrawn status Lost status Source of classification or shelving scheme Damaged status Not for loan Collection code Home library Current library Date acquired Source of acquisition Currency Cost, normal purchase price Bill Number Total Checkouts Full call number Acc. no. / Barcode Date last seen Actual Cost, discounted price Bill Date Koha item type
    Dewey Decimal Classification     Computer Science and Engineering in AI & Machine Learning PIET C-LIBRARY PIET C-LIBRARY 06/04/2024 Zaffa Books and Distributors In Rupees 689.00 ZBD0011   004.678 VAI 37536 07/05/2024 499.52 06/04/2024 Reference Books
    Dewey Decimal Classification     Computer Science and Engineering in AI & Machine Learning PIET C-LIBRARY PIET C-LIBRARY 06/04/2024 Zaffa Books and Distributors In Rupees 689.00 ZBD0011   004.678 VAI 37537 07/05/2024 499.52 06/04/2024 Text Books
    Dewey Decimal Classification     Computer Science and Engineering in AI & Machine Learning PIET C-LIBRARY PIET C-LIBRARY 06/04/2024 Zaffa Books and Distributors In Rupees 689.00 ZBD0011   004.678 VAI 37538 07/05/2024 499.52 06/04/2024 Text Books
    Dewey Decimal Classification     Computer Science and Engineering in AI & Machine Learning PIET C-LIBRARY PIET C-LIBRARY 06/04/2024 Zaffa Books and Distributors In Rupees 689.00 ZBD0011   004.678 VAI 37539 07/05/2024 499.52 06/04/2024 Text Books
    Dewey Decimal Classification     Computer Science and Engineering in AI & Machine Learning PIET C-LIBRARY PIET C-LIBRARY 06/04/2024 Zaffa Books and Distributors In Rupees 689.00 ZBD0011   004.678 VAI 37540 07/05/2024 499.52 06/04/2024 Text Books

Design & Developed by: PIET Central Library
R70 Miles Stone Pattikalyana Samalkha Panipat 132102
mail ID :- [email protected], Phone No:- 0180-2569700 Ex.216